مكتبة جامعة عجلون الوطنية

فهرس بحث المكتبة

Normal view MARC view
  • جفال،مصطفى/عبدالهادي يموت/حسن الضيقة/هادي حسن/انطوان حداد/توفيق بيضون

Entry Personal Name

Number of records used in: 1

001 - CONTROL NUMBER

  • control field: 15232

003 - CONTROL NUMBER IDENTIFIER

  • control field: JO-AjAnu

005 - DATE AND TIME OF LATEST TRANSACTION

  • control field: 20230606072730.0

008 - FIXED-LENGTH DATA ELEMENTS

  • fixed length control field: 230606|| aca||aabn | a|a d

040 ## - CATALOGING SOURCE

  • Original cataloging agency: JO-AjAnu
  • Transcribing agency: JO-AjAnu

100 ## - HEADING--PERSONAL NAME

  • Personal name: جفال،مصطفى/عبدالهادي يموت/حسن الضيقة/هادي حسن/انطوان حداد/توفيق بيضون

670 ## - SOURCE DATA FOUND

  • Source citation: Work cat.: (JO-AjAnu)7821: جفال،مصطفى/عبدالهادي يموت/حسن الضيقة/هادي حسن/انطوان حداد/توفيق بيضون, author, حوار الشمال والجنوب وجهة نظر عربية